|
|
|
|
| LEADER |
00000nab a2200000 a 4500 |
| 001 |
vtls011132016 |
| 003 |
SK-MaSNL |
| 005 |
20260303150920.0 |
| 008 |
230222|1997 xo |||||||||||||||||slo| |
| 015 |
|
|
|a SNBRB
|
| 035 |
|
|
|a (uuid)2484e576-8015-42fd-86f4-8e60d03e4def
|
| 035 |
|
|
|a (urnnbn)urn:nbn:sk:snk:ar-a09m76
|
| 035 |
|
|
|a urn:nbn:sk:snk-aba9vj
|
| 040 |
|
|
|a SNKBUCL
|b slo
|c SNKBUCL
|e AACR2
|
| 041 |
0 |
|
|a slo
|
| 044 |
|
|
|a xo
|c SK
|
| 100 |
1 |
|
|a Vatrál, Milan
|4 aut
|9 1118377
|
| 245 |
1 |
0 |
|a ZÁKLADNÁ TERMINOLÓGIA POUŽÍVANÁ V ÚTVAROCH (JEDNOTKÁCH) RÁDIOLOKAČNÉHO PRIESKUMU
|c Milan Vatrál, Josef Flandera
|
| 700 |
1 |
|
|a Flandera, Josef
|4 aut
|9 1118376
|
| 773 |
0 |
|
|t Zborník Vojenskej akadémie Slovenského národného povstania
|g Roč. 4, č. 1 (1997), s. 77-80
|
| 954 |
|
|
|a odborná, vedecká literatúra pôvodná (slovenská)
|2 lita
|
| 958 |
|
|
|a OND
|
| 958 |
|
|
|a EUIPO
|
| 958 |
|
|
|a article13
|
| 999 |
|
|
|c 2014513
|d 2016443
|